000 00295pab a2200109 454500
008 180718b xxu||||| |||| 00| 0 eng d
100 _aPande, Savita
245 _aIsrael and the nuclear non proliferation regime
650 _aNon-Proliferation Treaty
773 _aStrategic Analysis
909 _a24404
999 _c24404
_d24404